00891nam a2200229Ia 4500003000900000005001700009008004100026040001300067040001300080041000800093100002700101245019600128250001800324260001700342260000900359300001200368490004400380490000800424942001200432999001700444952020000461IT-RoPAU20220918175616.0120407s9999 xx 000 0 und d aIT-RoPAU cIT-RoPAU aita aAlfredo Panzini935089 aLa Madonna di mamà. Romanzo del tempo di guerra. Da “Piccole storie del mondo grande “ Da “Le fiabe della virtù”. In “Narratori dell’Ottocento e del primo Novecento” Vol.V. aMilano-Napoli aR. Ricciardi c1966 c22,5 cm aLa Letteratura Italiana. Storia e Testi v645 cBK2ddc c21284d21284 00102ddc406858_36400000000000071aPAULUSbPAULUSd2012-04-11l0o858.364r2012-04-11 00:00:00w2012-04-11yBKzInserito da: Mario In data: 19 settembre 2011 fondo: Via A.Severo 56 Progr:19998